Normal view
MARC view
- Er Sanju Sukumaran
Entry Personal Name
001 - CONTROL NUMBER
- control field: 5355
003 - CONTROL NUMBER IDENTIFIER
- control field: OSt
005 - DATE AND TIME OF LATEST TRANSACTION
- control field: 20221202121331.0
008 - FIXED-LENGTH DATA ELEMENTS
- fixed length control field: 221202|| aca||aabn | a|a d
040 ## - CATALOGING SOURCE
- Original cataloging agency: OSt
- Transcribing agency: OSt
100 ## - HEADING--PERSONAL NAME
- Personal name: Er Sanju Sukumaran
670 ## - SOURCE DATA FOUND
- Source citation: Work cat.: (OSt)17607: GAYATHRI, M. PILLAI PARVATHI, M. BINOD HARITHA, S JYOTHIKRISHNA, S 5354, DESIGN OF RIDGE PLASTERING ATTACHMENT FOR POWER TILLER, 2022
